00568nam a2200169 a 450000100100000000500170001000800410002704000250006808200150009310000250010824500350013326000360016830000210020450000430022595201130026899900170038100004578120201002052435.0150417s1993 dr 000 0 spa d aDO-SdBNPbspacBNPHU axxxxbxxxx1 aReyes, Freddy91080214aLas epistolas /cFreddy Reyes. aSanto Domingo :bBúho,c1993. a236 p. ;c22 cm. aIncluye datos biografícos del autor. 0010718PDaPDbPDcHDd2015-05-12iLF1l0oxxxx xxxxp45781-10r2020-06-25w2020-06-25yLFPDZNo se presta c45270d45270